00546nam a2200181Ia 450000500170000000800410001702000150005808200130007324500520008626000400013830000180017865000170019665000120021370000230022594200060024895200950025499900150034920240702013114.0240331s9999 xx 000 0 und d a1557866031 bCAHa149 0aFrom modernism to postmodernism :ban anthology aUSAbBlackwell publishers Ltdc1996 axvi, 731 p ., aCivilization aCritics aCahoon, L.E. eedt cL 001040708LaWERCLbWERCLcSSCd2024-03-31l0o 149 CAHp2307r2024-03-31w2024-03-31yL c1360d1360